Workbook in descriptive linguistics
Αποθηκεύτηκε σε:
| Κύριος συγγραφέας: | |
|---|---|
| Μορφή: | Βιβλίο |
| Γλώσσα: | Αγγλικά |
| Έκδοση: |
Nueva York
Holt, Rinehart and Winston
1966
|
| Θέματα: | |
| Ετικέτες: |
Προσθήκη ετικέτας
Δεν υπάρχουν, Καταχωρήστε ετικέτα πρώτοι!
|
MARC
| LEADER | 00000nam a2200000 a 4500 | ||
|---|---|---|---|
| 001 | UCJ2911 | ||
| 003 | CL-VaPUC | ||
| 008 | 070119e19660000US |||||||||||||||||eng|d | ||
| 082 | 0 | 4 | |a 418 |b GLE |2 21 |
| 100 | |a Gleason, Henry Allan |e author |9 503971 | ||
| 245 | 1 | 0 | |a Workbook in descriptive linguistics |
| 300 | |a 88 p | ||
| 942 | |c BK | ||
| 945 | |d 20070119 00:00:00 |a jtorresc | ||
| 260 | |a Nueva York |b Holt, Rinehart and Winston |c 1966 | ||
| 500 | |a Donación de la Dra. Marianne Peronard Thierry | ||
| 650 | 7 | |a LINGUISTICA DESCRIPTIVA |2 CL-VaPUC |9 503972 | |
| 650 | 0 | |a Lingüística aplicada |9 313266 | |
| 650 | 0 | |a Morfología Lingüística |9 340777 | |
| 650 | 0 | |a Fonología |9 341074 | |
| 650 | 0 | |a Lingüística diacrónica |9 378498 | |
| 583 | |a last modification |c 20070119 00:00:00 |k Rodrigo Vera | ||
| 999 | |c 319040 |d 319038 | ||
| 952 | |0 0 |1 0 |4 0 |6 418_000000000000000_GLE_1966 |7 0 |8 A |9 397274 |a FDOPOS |b FDOPOS |d 2019-11-22 |i 4317785 |o 418 GLE 1966 |p 4317785 |r 2025-01-22 |w 2019-11-22 |y BK |k MLA | ||